Central Library OPAC University of Rajshahi
Normal view MARC view

Entry Topical Term

Number of records used in: 2

001 - CONTROL NUMBER

  • control field: 12972

003 - CONTROL NUMBER IDENTIFIER

  • control field: BD-RjUL

005 - DATE AND TIME OF LATEST TRANSACTION

  • control field: 20240512182932.0

008 - FIXED-LENGTH DATA ELEMENTS

  • fixed length control field: 240512|| aca||aabn | a|a d

040 ## - CATALOGING SOURCE

  • Original cataloging agency: BD-RjUL
  • Transcribing agency: BD-RjUL

150 ## - HEADING--TOPICAL TERM

  • Topical term or geographic name entry element: Wheat
  • General subdivision: Drought tolerance

670 ## - SOURCE DATA FOUND

  • Source citation: Work cat.: (BD-RjUL)83723: Begum, Shamina 12971, Evaluation of wheat (Triticum aestivum L.) genotypes for drought tolerance /, 2003